000 01439cab a2200193 4500
001 L129238
008 050404n2005 000 0 eng u
035 _a(Sirsi) u129238
041 _aeng
100 _aClark, Paul
245 _aHomes for the masses
260 _c2005
490 _aEstates Gazette
_v(0510)12 March 2005, 150-151(2)
520 _aEvaluates the plethora of government and non-government solutions to the inadequate supply of affordable housing. Government recognises that providing more homes is not enough. They must be homes in which people want to live and which allow communities to grow and prosper. Highlights the issue that although the vast majority of the housing requirement is for one-bedroom houses, the market place is delivering executive three-or-four bedroom houses, the most profitable development category. Looks at: limiting homeowners' profits from their property; a tax on all land by reference to its optimal use; the Barker recommendation to build more homes; key worker housing and finance; housing density; and the issues surrounding schemes to provide cheaper housing. Suggests embracing innovative use of land and building techniques and introducing new house funding mechanisms such as credit enhancements and pre-mortgaged homes.
590 _aIKA150405
650 _aAffordable housing
_96215
690 _aPROPERTY-RESIDENTIAL PROPERTY-RESIDENTIAL PROPERTY DEVELOPMENT
942 _n0
999 _c75011
_d75011